President to Nickname - Statistics

General Stats
  • This quiz has been taken 28 times
  • The average score is 16 of 45
Answer Stats
Hint Answer % Correct
The Father of His Counrty George Washington
88%
The Donald Donald Trump
65%
JFK John F. Kennedy
65%
LBJ Lyndon B. Johnson
65%
Silent Cal Calvin Coolidge
59%
FDR Franklin D. Roosevelt
59%
Dubya George W. Bush
59%
Amtrak Joe Joe Biden
59%
Tricky Dick Richard Nixon
59%
The Great Emancipator Abraham Lincoln
53%
Rutherfraud Rutherford B. Hayes
53%
Teddy Theodore Roosevelt
53%
Wobbly Warren Warren G. Harding
53%
Barry O'Bomber Barack Obama
47%
Ike Dwight D. Eisenhower
47%
Give 'Em Hell Harry Harry S. Truman
47%
The Peanut Farmer Jimmy Carter
47%
Old Hickory Andrew Jackson
41%
The Gipper Ronald Reagan
41%
Unconditional Surrender Grant Ulysses S. Grant
41%
41 George H.W. Bush
35%
Bachelor President James Buchanan
35%
Father of the Constitution James Madison
35%
Apostle of Democracy Thomas Jefferson
35%
Tennessee Tailor Andrew Johnson
29%
The Last of the Whigs Millard Fillmore
29%
Tippecanoe William Henry Harrison
29%
Young Hickory James K. Polk
24%
Last Cocked Hat James Monroe
24%
Old Man Eloquent John Quincy Adams
24%
His Accidency John Tyler
24%
Little Magician Martin Van Buren
24%
Big Bill William Howard Taft
24%
Old Rough and Ready Zachary Taylor
24%
The Comeback Kid Bill Clinton
18%
Young Hickory of the Granite Hills Franklin Pierce
18%
Colossus of Independence John Adams
18%
Professor Woodrow Wilson
18%
His Ocstinacy Grover Cleveland
12%
The Great Humanitarian Herbert Hoover
12%
Preacher President James A. Garfield
12%
Idol of Ohio William McKinley
12%
Front Porch Campaigner Benjamin Harrison
6%
Gentleman Boss Chester A. Arthur
6%
Mr. Nice Guy Gerald Ford
6%
No matching quizzes found
Score Distribution
Percent of People with Each Score
Percentile by Number Answered
Your Score History
You have not taken this quiz